000 00656nam a2200217 u 4500
005 20240228063946.0
008 080724s1987 r 000 0 eng d
020 _a9682422124
035 _aUPN01000158114
049 _aI
050 4 _aPZ71
_bV3.4
100 1 _aVásquez Beveraggi, Zoraida
_935668
245 1 3 _aEl acertijo de la esfinge /
_cZoraida Vásquez ; il. Betty Fischman.
260 _aMéxico :
_bTrillas,
_c1987.
300 _a28 p. :
_bprincipalmente il. col.
440 0 _aLeyendas griegas
650 4 _aLibros y lectura para niños
_92290
650 4 _aMitología griega
_99574
700 1 _aFischman, Betty,
_eil.
905 _aInfantil
999 _c130228
_d130228